000 00324nam a2200109Ia 4500
008 171204s9999 xx 000 0 und d
245 _aPersonality and Close Relationship Processes:
245 _cStanley O. Gaines
260 _c2016
650 _xPERSONALITY THEORIES
856 _uhttp://down.ebook777.com/052/110710968X.pdf
999 _c346476
_d346476